| 000 | 01058nam a22002297a 4500 | ||
|---|---|---|---|
| 003 | OSt | ||
| 005 | 20260122195909.0 | ||
| 008 | 230414b ||||| |||| 00| 0 eng d | ||
| 040 | _cOst | ||
| 041 | _ashan | ||
| 082 | _a615.8 | ||
| 245 |
_aလၢႆးယူတ်းယႃထုင်းၵဝ်ႇၶူးသြႃႇၸီႇဝၵ။ _cလုင်းၸၢမ်ႇမျ ႁွင်ႉ လုင်းငိုၼ်းၾႃႉ (သႅၼ်ဝီ) ၶပ်းၶိုင်၊ သြႃႇၶမ်းၶွင်ႇ (လၢင်းၶိူဝ်း) မေးတႅမ်ႈ- |
||
| 260 |
_aသႅၼ်ဝီ _c2005 |
||
| 300 |
_a176 ၼႃႈ _c21 ၸိၼ်ႇထီႇ |
||
| 500 | _aS-SAT: Dr. Prof Sai Aung Tun | ||
| 500 | _aပပ်ႉၸဝ်ႈတႃႇၼႁင်းၶေႃ တွၵ်ႉတိူဝ်ႇၸၢႆးဢွင်ႇထုၼ်း | ||
| 504 | _aပႃးၽိုၼ်ဢိင် | ||
| 650 |
_aယႃႈယႃပိၼ်းတေႃး _921937 |
||
| 942 | _cBK1 | ||
| 942 | _2ddc | ||
| 942 | _2ddc | ||
| 999 |
_c23996 _d23996 |
||